Statistics for Regions of New Hampshire

Click here to take the quiz!

General Stats

  • This quiz has been taken 6 times
  • The average score is 3 of 7

Answer Stats

Region% Correct
White Mountains
83%
Lakes Region
67%
Monadnock
67%
Seacoast
50%
Dartmouth/Lake Sunapee
33%
Merrimack Valley
17%
Great North Woods
17%

Score Distribution

Percentile by Number Answered

Percent of People with Each Score

Your Score History

You have not taken this quiz